000 00482nam a22001937a 4500
003 UA-OsUOA
001 42670
007 ta
008 20090304b un ||||| |||| 00| 0 ukr d
090 _a74
942 _cBK
040 _aUA-OsUOA
_beng
_cUA-OsUOA
_dUA-OsUOA
245 _aThe World of Uluschak
_b102 Cartoons from the Pages of the Edmonton Journal
955 _a3
041 _aeng
080 _a74
650 7 _a7 Мистецтво. Ігри. Спорт.
_2UDC
999 _c441168
_d441168